000 00895nam a2200301 i 4500
003 DO-SdBNP
005 20250620113104.0
007 ta
008 250620b2000 dr ||||| |||| 00| 0 spa d
020 _a848953991X
040 _aDO-SdBNP
_bspa
_cBNPHU
_erda
041 _aspa
082 4 _aRD863.44
_bC352p 2000
_222
100 1 _aCastillo, Efraím,
_d1940-
_eautor
_4aut.
_928022
245 1 3 _aEl personero :
_bnovela /
_cEfraím Castillo.
250 _aSegunda edición
264 4 _aSanto Domingo :
_bEditora Manatí,
_c©2000.
300 _a430 páginas ;
_c24 cm.
336 _atexto
_btxt
_2rdacontent
337 _asin mediación
_bnc
_2rdamedia
338 _avolumen
_bnc
_2rdacarrier
490 _aSerie Literatura Caribeña
590 _aInventariado, 2020/YL
650 4 _aNovela dominicana
_9223
650 4 _aLiteratura dominicana.
_967
910 _aBtavárez
942 _2ddc
_cLBS1
999 _c59350
_d59350